Normal view
MARC view
Entry Personal Name
001 - CONTROL NUMBER
- control field: 278312
003 - CONTROL NUMBER IDENTIFIER
- control field: MY-SjTCS
005 - DATE AND TIME OF LATEST TRANSACTION
- control field: 20200306170052.0
008 - FIXED-LENGTH DATA ELEMENTS
- fixed length control field: 200306|| aca||aabn | a|a d
040 ## - CATALOGING SOURCE
- Original cataloging agency: MY-SjTCS
- Transcribing agency: MY-SjTCS
100 ## - HEADING--PERSONAL NAME
- Personal name: Smith, Chris.
670 ## - SOURCE DATA FOUND
- Source citation: Work cat.: (MY-SjTCS)59986: Tuttle, Steven. 278310, AIX 5L version 5.2 security supplement, c2003.